Ornamental Plants / (Record no. 49928)
[ view plain ]
| 000 -LEADER | |
|---|---|
| fixed length control field | 00642nam a22002057a 4500 |
| 003 - CONTROL NUMBER IDENTIFIER | |
| control field | OSt |
| 008 - FIXED-LENGTH DATA ELEMENTS--GENERAL INFORMATION | |
| fixed length control field | 260130b |||||||| |||| 00| 0 eng d |
| 020 ## - INTERNATIONAL STANDARD BOOK NUMBER | |
| International Standard Book Number | 8185048304 |
| 082 ## - DEWEY DECIMAL CLASSIFICATION NUMBER | |
| Classification number | 635.9 |
| Item number | C43O |
| 100 ## - MAIN ENTRY--PERSONAL NAME | |
| Personal name | Chadha, K. L. |
| 245 ## - TITLE STATEMENT | |
| Title | Ornamental Plants / |
| Statement of responsibility, etc. | by K. L. Chadha and S. K. Bhattacharjee; Volume 12, Part- 2 |
| 260 ## - PUBLICATION, DISTRIBUTION, ETC. (IMPRINT) | |
| Place of publication, distribution, etc | .- New Delhi |
| Name of publisher, distributor, etc | : Malhotra Publishing House |
| Date of publication, distribution, etc | , 2020 |
| 300 ## - PHYSICAL DESCRIPTION | |
| Extent | xxiv,(536-1107)p. |
| 440 ## - SERIES STATEMENT/ADDED ENTRY--TITLE | |
| Series Title | Advances in Horticulture |
| 650 ## - SUBJECT ADDED ENTRY--TOPICAL TERM | |
| Topical term or geographic name as entry element | Technology (Applied Sciences) |
| 650 ## - SUBJECT ADDED ENTRY--TOPICAL TERM | |
| Topical term or geographic name as entry element | Agriculture and Related Technologies |
| 650 ## - SUBJECT ADDED ENTRY--TOPICAL TERM | |
| Topical term or geographic name as entry element | Ornamental Plants |
| 700 ## - ADDED ENTRY--PERSONAL NAME | |
| Personal name | Bhattacharjee, S. K. |
| 942 ## - ADDED ENTRY ELEMENTS (KOHA) | |
| Source of classification or shelving scheme | |
| Koha item type | Books |
| Withdrawn status | Lost status | Source of classification or shelving scheme | Damaged status | Not for loan | Home library | Current library | Date acquired | Source of acquisition | Cost, normal purchase price | Total Checkouts | Full call number | Barcode | Date last seen | Bill Date | Koha item type | Bill Number |
|---|---|---|---|---|---|---|---|---|---|---|---|---|---|---|---|---|
| Dr. Rajendra Prasad Central Agricultural University Pusa, | Dr. Rajendra Prasad Central Agricultural University Pusa, | 30/01/2026 | SRT, Delhi | 4500.00 | 635.9 C43O | 86953 | 30/01/2026 | 07/01/2026 | Books | SRT/31/2025-26 | ||||||
| Dr. Rajendra Prasad Central Agricultural University Pusa, | Dr. Rajendra Prasad Central Agricultural University Pusa, | 30/01/2026 | SRT, Delhi | 4500.00 | 635.9 C43O | 86954 | 30/01/2026 | 07/01/2026 | Books | SRT/31/2025-26 |